|
|
|
|
| LEADER |
00000nam1a2200000 4500 |
| 001 |
159987 |
| 005 |
20231031155420.0 |
| 010 |
|
|
|a 5726003254
|
| 020 |
|
|
|a RU
|b 92-3425
|
| 035 |
|
|
|a (RuTPU)RU\TPU\book\173507
|
| 090 |
|
|
|a 159987
|
| 100 |
|
|
|a 20090516d1992 m y0rusy5003 ca
|
| 101 |
0 |
|
|a rus
|
| 200 |
1 |
|
|a Законность и справедливость в правоприменительной деятельности
|f А. Т. Боннер
|
| 210 |
|
|
|a Москва
|c Российское право
|d 1992
|
| 215 |
|
|
|a 319 с.
|
| 333 |
|
|
|a Исключено из фонда НТБ ТПУ
|
| 700 |
|
1 |
|a Боннер
|b А. Т.
|g Александр Тимофеевич
|4 070
|
| 801 |
|
0 |
|a RU
|b RuMRKP
|c 19950417
|g psbo
|
| 801 |
|
1 |
|a RU
|b 63413507
|c 20090516
|g PSBO
|
| 801 |
|
2 |
|a RU
|b 63413507
|c 20170124
|g PSBO
|
| 942 |
|
|
|c BK
|